Loading...
| Beliefs | 9 | 15.56 | 100% | 33% | 22% |
| Fine Arts - Classical Music and Opera | 9 | 10.00 | 78% | 22% | 0% |
| Fine Arts - Other Arts | 8 | 15.00 | 88% | 50% | 13% |
| Geography | 2 | 15.00 | 100% | 50% | 0% |
| History - American | 7 | 14.29 | 100% | 43% | 0% |
| History - Ancient | 2 | 5.00 | 50% | 0% | 0% |
| History - European | 5 | 12.00 | 100% | 20% | 0% |
| History - Other | 2 | 20.00 | 100% | 50% | 50% |
| History - World | 7 | 15.71 | 100% | 57% | 0% |
| Literature - American | 5 | 16.00 | 100% | 40% | 20% |
| Literature - British | 3 | 10.00 | 100% | 0% | 0% |
| Literature - European | 7 | 14.29 | 100% | 43% | 0% |
| Literature - World | 10 | 14.00 | 100% | 40% | 0% |
| Modern World | 2 | 20.00 | 100% | 100% | 0% |
| Other Academic | 2 | 10.00 | 100% | 0% | 0% |
| Philosophy | 4 | 12.50 | 75% | 50% | 0% |
| Science - Biology | 3 | 10.00 | 67% | 0% | 33% |
| Science - Chemistry | 2 | 15.00 | 100% | 50% | 0% |
| Science - Other | 5 | 14.00 | 100% | 40% | 0% |
| Science - Physics | 4 | 7.50 | 75% | 0% | 0% |
| Social Science | 11 | 11.82 | 91% | 18% | 9% |
| Visual Arts | 7 | 12.86 | 86% | 43% | 0% |